| 000 | 00490cam a2200193ua 4500 | ||
|---|---|---|---|
| 001 | 10815 | ||
| 005 | 20260515114650.0 | ||
| 008 | 190406n ii |||gr||||Z||||||eng | ||
| 020 | _a9788180303180 | ||
| 040 | _cMAIN | ||
| 082 | _a510 | ||
| 100 |
_aPavan Kumar Chaurasya, _eAuthor. |
||
| 245 |
_aMathematical analysis _cBy Pavan Kumar Chaurasya |
||
| 250 | _a1st ed. | ||
| 260 |
_aNew Delhi: _bCampus books international, _c2014. |
||
| 300 | _a262p. | ||
| 653 | _aMathematics | ||
| 942 | _cBK | ||
| 999 |
_c9765 _d9765 |
||